00440nam a22001217a 450000500170000000800410001704000180005810000160007624501250009226000480021730000290026565000240029420250228085816.0250228b |||||||| |||| 00| 0 eng d aKMUcKMUdKMU aMbewe, Owen aConsumer Preference Toward Fresh and Smoked Cat Fish (Clarias Gariepinus. A Case Study of Chinsali District/cOwen Mbewe aChinsali:bKapasa Makasa University,c2020. aiii, 18p.:bill;c30 cm. aFisheries and Aquac